States Part of The Confederacy USA - Statistics

General Stats
  • This quiz has been taken 26 times
  • The average score is 10 of 11
Answer Stats
# Answer % Correct
1 Alabama
96%
9 Texas
96%
3 Florida
92%
6 North Carolina
92%
7 South Carolina
92%
11 Virginia
92%
4 Georgia
88%
8 Tennessee
88%
10 Mississippi
85%
2 Arkansas
81%
5 Louisiana
77%
No matching quizzes found
Score Distribution
Percent of People with Each Score
Percentile by Number Answered
Your Score History
You have not taken this quiz